00318 a2200133 450000100060000002000180000604000220002410000300004624000360007624500310011230000080014336200090015165000240016059677 a9788508125067 cAnchieta - Pituba aRigolin, Tércio Barbosa10aTudo é geografia, 6ºanolpor10aTudo é geografia, 6ºano a2560 a2010 4aGeografia e viagens